000 00728cam a22001815a 4500
001 L156348
008 120515s1623 xxk f 000 0 eng d
035 _a(Sirsi) u156348
041 0 _aeng
100 1 _aZonca, Vittorio
245 0 0 _aNovo teatro di machine et edificii per uarie et sicure operationi. Co le loro figure tagliate in rame e la dichiaratione, e dimostratione di ciascuna. Opera necessaria ad architetti, et a quelli, ch di tale studio si dilettano
_cdi Vittorio Zonca ...
260 _aPadoua
_bF. Bertelli
_c1623
300 _a3 p., 115 p.
_billus., plates
_c29 cm.
583 _aCondition reviewed
_c20120620
_lcondition level 2
651 4 _aInternational
690 _aDesign and specification
942 _n0
999 _c114198
_d114198